Cell: A molecular approach (Record no. 1208078)

MARC details
000 -LEADER
fixed length control field 00984nam a2200313Ia 4500
003 - CONTROL NUMBER IDENTIFIER
control field OSt
005 - DATE AND TIME OF LATEST TRANSACTION
control field 20221007120830.0
008 - FIXED-LENGTH DATA ELEMENTS--GENERAL INFORMATION
fixed length control field 221006b |||||||| |||| 00| 0 eng d
020 ## - INTERNATIONAL STANDARD BOOK NUMBER
International Standard Book Number 0878932143 (hbd)
037 ## - SOURCE OF ACQUISITION
Terms of availability Textual
040 ## - CATALOGING SOURCE
Original cataloging agency BDL
Transcribing agency BDL
Language of cataloging eng
041 ## - LANGUAGE CODE
Source of code eng
Language code of text/sound track or separate title eng
100 ## - MAIN ENTRY--PERSONAL NAME
Personal name Cooper Geoffrey M
9 (RLIN) 392382
245 #0 - TITLE STATEMENT
Title Cell: A molecular approach
Remainder of title Hausman Robert E
250 ## - EDITION STATEMENT
Edition statement 3
260 ## - PUBLICATION, DISTRIBUTION, ETC.
Place of publication, distribution, etc. Washington
Name of publisher, distributor, etc. ASM Press
Date of publication, distribution, etc. 2004
300 ## - PHYSICAL DESCRIPTION
Extent xx, 713p
Dimensions cm.
490 ## - SERIES STATEMENT
Volume/sequential designation Includes CD-ROM
500 ## - GENERAL NOTE
General note Includes bibliographical referenecs; Glossary 681-698p; Index 699-713p; ^n23/CSL/CARB/2003-2004/^d2003-12-26^mPurchase
650 ## - SUBJECT ADDED ENTRY--TOPICAL TERM
Topical term or geographic name entry element Cell biology
650 ## - SUBJECT ADDED ENTRY--TOPICAL TERM
Topical term or geographic name entry element Biology
700 ## - ADDED ENTRY--PERSONAL NAME
Personal name Hausman Robert E
942 ## - ADDED ENTRY ELEMENTS (KOHA)
Classification part G11, P0;P4 Carb
Koha item type Textual
Source of classification or shelving scheme Colon Classification (CC)
Holdings
Withdrawn status Lost status Source of classification or shelving scheme Damaged status Not for loan Home library Current library Date acquired Source of acquisition Serial Enumeration / chronology Total Checkouts Full call number Barcode Date last seen Price effective from Koha item type
    Colon Classification (CC)     Department of Botany Library Department of Botany Library 2022-10-07 Vardhman, Includes CD-ROM   G11 P0;P4 Carb BD0004868 2022-10-07 2022-10-07 Textual
Copyright @ Delhi University Library System